000 00430nam a2200181Ia 4500
001 20309
005 20260306172756.0
008 260306t2015||||xx |||||||||||||| ||spa||
041 _aESP
082 _a343.1
_bT81
100 _aTribunal Constitucional del Perú
_eAUT
245 0 _aCompendio normativo
260 _c2015
300 _a174 páginas :
_c24 cm.
650 _aGEN
654 _aCDE
942 _cLIB
_dJUS
_fJUS
_2ddc
_n
999 _c20309
_d20309